000 00436nam a2200193Ia 4500
005 20240823051646.0
008 240823s9999||||xx |||||||||||||| ||und||
041 _aENGLISH
082 _A534.41 N9
100 _aPillai TVS
245 0 _aApplied Physics
250 _a1st
260 _c1999
_bRohini Age
500 _aTRANSFERED
650 _aApplied Physics
_bPhysics
700 _a Suresh D M
942 _cBK
999 _c220087
_d220087